[Event "Klubbmesterskapet 2008"]
[Site "Hamar"]
[Date "2008.04.03"]
[Round "7"]
[White "Ormåsen, Odd Steinar"]
[Black "Hoel, Ole"]
[Result "1-0"]
[WhiteElo "1791"]
[BlackElo "1719"]
[PlyCount "121"]
[EventDate "2008.??.??"]

1. e4 e5 2. Nf3 Nc6 3. Bb5 Nf6 4. O-O Nxe4 5. d4 Nd6 6. Bxc6 dxc6 7. dxe5 Ne4
8. Qxd8+ Kxd8 9. Re1 Bf5 10. Nh4 Bc5 11. Nxf5 Bxf2+ 12. Kf1 Bxe1 13. Kxe1 g6
14. Ng3 Nxg3 15. Bg5+ Kd7 16. hxg3 Rhe8 17. Bf6 Re6 18. Nc3 Rae8 19. Kd2 c5 20.
Ne4 Rxe5 21. Bxe5 Rxe5 22. Re1 Rd5+ 23. Ke2 Re5 24. Kf3 Kc6 25. Re3 h5 26. Nd2
Rf5+ 27. Ke2 b5 28. Nf3 Kd6 29. Ra3 c4 30. Rxa7 g5 31. Ra6+ Kd5 32. Ra5 c6 33.
a4 g4 34. Nh4 Re5+ 35. Kd2 Kc5 36. Ra7 Rd5+ 37. Kc1 Re5 38. Rxf7 Re1+ 39. Kd2
Rb1 40. axb5 cxb5 41. Rf5+ Kb4 42. c3+ Ka4 43. Kc2 Re1 44. Rxh5 Re2+ 45. Kb1 b4
46. cxb4 Kb3 47. Kc1 Rxb2 48. b5 c3 49. b6 Rc2+ 50. Kd1 Rd2+ 51. Ke1 Rb2 52. b7
Kc4 53. Rh7 Kd3 54. Rd7+ Kc2 55. Nf5 Kb1 56. Rd1+ Ka2 57. Rc1 Rxb7 58. Rxc3
Rb1+ 59. Kd2 Rb4 60. Ne3 Rd4+ 61. Ke2 1-0

[Event "Klubbmesterskapet 2008"]
[Site "Hamar"]
[Date "2008.01.10"]
[Round "7"]
[White "Brobakken, Sindre"]
[Black "Pilø, Erlend"]
[Result "0-1"]
[WhiteElo "783"]
[BlackElo "1045"]
[PlyCount "52"]
[EventDate "2008.??.??"]

1. Nf3 d5 2. g3 Nf6 3. Bg2 c6 4. O-O Bg4 5. d3 Nbd7 6. Nbd2 e5 7. Qe1 Bd6 8. e4
O-O 9. c3 Re8 10. h3 Bh5 11. g4 Bg6 12. Nh4 Nc5 13. d4 Nd3 14. Qe3 Nf4 15. Bh1
dxe4 16. Nxg6 Nxg6 17. Nxe4 Nxe4 18. Qxe4 exd4 19. Qxd4 Qc7 20. f4 b6 21. Qc4
Rac8 22. Rf3 Re1+ 23. Kh2 Rce8 24. Rf2 Nxf4 25. Bxf4 Bxf4+ 26. Rxf4 Rxa1 0-1

[Event "Klubbmesterskapet 2008"]
[Site "Hamar"]
[Date "2008.04.17"]
[Round "8"]
[White "Holm, Ragnar"]
[Black "Ormåsen, Odd Steinar"]
[Result "1-0"]
[WhiteElo "2035"]
[BlackElo "1791"]
[PlyCount "111"]
[EventDate "2008.??.??"]

1. c4 Nf6 2. Nc3 d5 3. cxd5 Nxd5 4. g3 e5 5. Bg2 Be6 6. Nf3 Nc6 7. O-O Be7 8.
d3 O-O 9. Bd2 Qd7 10. Re1 Rad8 11. Ne4 h6 12. Rc1 b6 13. Qa4 Nd4 14. Qxd7 Nxf3+
15. Bxf3 Rxd7 16. a3 f5 17. Nc3 c5 18. Bg2 Nf6 19. h3 c4 20. Nb1 e4 21. dxc4
Rfd8 22. Bc3 e3 23. f4 Ne4 24. Bxe4 fxe4 25. Kg2 Rd2 26. b3 b5 27. Ba5 R8d7 28.
c5 R7d3 29. Kg1 Rd5 30. c6 Bxh3 31. c7 Bc8 32. Nc3 Rc5 33. Nxe4 Rxc1 34. Rxc1
Rxe2 35. Bb4 Bxb4 36. axb4 Kh7 37. Nd6 Rd2 38. Nxc8 e2 39. Re1 Rc2 40. Nxa7
Rxc7 41. Nxb5 Rb7 42. Nd4 Rxb4 43. Nxe2 Rxb3 44. Kf2 Rb2 45. Rc1 Ra2 46. Kf3
Ra7 47. Kg4 Rb7 48. Rc6 Ra7 49. f5 Rb7 50. Nf4 Ra7 51. Rc8 Ra4 52. Rc7 Kg8 53.
Kh5 Ra3 54. Ng6 Ra8 55. Rc8+ Rxc8 56. Ne7+ 1-0

[Event "Klubbmesterskapet 2008"]
[Site "Hamar"]
[Date "2008.04.17"]
[Round "8"]
[White "Solbakken, Jan Børge"]
[Black "Feragen, Erik"]
[Result "1/2-1/2"]
[WhiteElo "1603"]
[BlackElo "1485"]
[PlyCount "120"]
[EventDate "2008.??.??"]

1. d4 Nf6 2. Nf3 e6 3. e3 b6 4. Be2 Bb7 5. O-O c5 6. c4 d5 7. Nc3 Nbd7 8. b3
Bd6 9. cxd5 exd5 10. Bb2 O-O 11. Nb5 Be7 12. Rc1 a6 13. Nc3 Ne4 14. Bd3 Ndf6
15. Ne5 cxd4 16. exd4 Rc8 17. Qe2 Nxc3 18. Rxc3 Rxc3 19. Bxc3 b5 20. Re1 Bd6
21. Qc2 Qc7 22. Re3 b4 23. Rh3 h6 24. Bd2 Qxc2 25. Bxc2 Rc8 26. Bf5 Rc7 27. f3
Bc8 28. Bxc8 Rxc8 29. Nd3 a5 30. Ne1 Bb8 31. Kf2 Ba7 32. Ke3 Re8+ 33. Kd3 Bb8
34. g4 Bd6 35. Ng2 Ra8 36. Ne3 a4 37. Nc2 axb3 38. axb3 Rb8 39. Rh4 Be7 40. Rh3
Bd6 41. g5 hxg5 42. Bxg5 Ne8 43. Bd2 Nc7 44. f4 f5 45. Rh5 g6 46. Rg5 Kf7 47.
Rg1 Ne6 48. Rf1 Rh8 49. Nxb4 Rh3+ 50. Kc2 Nxd4+ 51. Kd1 Bxb4 52. Bxb4 Rxh2 53.
Re1 Nxb3 54. Re7+ Kf6 55. Rb7 Rh1+ 56. Kc2 Nd4+ 57. Kd2 Rf1 58. Bc3 Rxf4 59.
Ke3 Ke5 60. Re7+ Kf6 1/2-1/2

[Event "Klubbmesterskapet 2008"]
[Site "Hamar"]
[Date "2008.04.17"]
[Round "8"]
[White "Hoel, Ole"]
[Black "Brobakken, Geir"]
[Result "1/2-1/2"]
[WhiteElo "1719"]
[BlackElo "1660"]
[PlyCount "51"]
[EventDate "2008.??.??"]

1. Nf3 d5 2. g3 c6 3. Bg2 g6 4. d4 Bg7 5. c4 Nf6 6. Nc3 e6 7. Bg5 Nbd7 8. Qd3
Qa5 9. Bd2 Qa6 10. b3 O-O 11. O-O Re8 12. Rfe1 e5 13. cxd5 Qxd3 14. exd3 exd4
15. dxc6 dxc3 16. cxd7 Bxd7 17. Bxc3 Rac8 18. Rxe8+ Bxe8 19. Bd4 b6 20. Re1 Bb5
21. Ne5 Rd8 22. Bb2 Nd7 23. f4 Nxe5 24. Bxe5 Bxe5 25. Rxe5 Bxd3 26. Rd5 1/2-1/2

[Event "Klubbmesterskapet 2008"]
[Site "Hamar"]
[Date "2008.04.17"]
[Round "8"]
[White "Bækken, Ole"]
[Black "Sangen, Kjetil"]
[Result "1/2-1/2"]
[WhiteElo "1345"]
[BlackElo "1441"]
[PlyCount "80"]
[EventDate "2008.??.??"]

1. e4 c5 2. Nf3 Nc6 3. d4 cxd4 4. Nxd4 Nf6 5. Nc3 e5 6. Ndb5 d6 7. Bg5 a6 8.
Na3 b5 9. Nd5 Be7 10. Bxf6 Bxf6 11. c3 O-O 12. Bd3 Be6 13. Nc2 Bg5 14. Nce3
Bxe3 15. Nxe3 Ne7 16. O-O g6 17. a4 bxa4 18. Rxa4 a5 19. Qe2 Kh8 20. Nc4 Qc7
21. Rfa1 Bxc4 22. Bxc4 Qb7 23. Rxa5 Rxa5 24. Rxa5 f5 25. exf5 gxf5 26. Rxe5 Ng6
27. Re8 Rxe8 28. Qxe8+ Kg7 29. Qg8+ Kh6 30. b3 Qe4 31. Qe6 Qb1+ 32. Bf1 Kg5 33.
Qxd6 Qxb3 34. Qb4 Qd1 35. Qd4 Qa1 36. g3 h5 37. Qd8+ Kg4 38. Qd4+ Kg5 39. Qd8+
Kg4 40. Qd4+ Kg5 1/2-1/2

[Event "Klubbmesterskapet 2008"]
[Site "Hamar"]
[Date "2008.04.17"]
[Round "8"]
[White "Kaveldiget, Frode"]
[Black "Kristiansen, Ole J"]
[Result "1/2-1/2"]
[WhiteElo "1509"]
[BlackElo "1807"]
[PlyCount "55"]
[EventDate "2008.??.??"]

1. e4 c6 2. d4 d5 3. f3 dxe4 4. fxe4 e5 5. Nf3 Nf6 6. Bc4 Bg4 7. Bxf7+ Ke7 8.
Bb3 Bxf3 9. Qxf3 Qxd4 10. Nc3 Nbd7 11. Be3 Qd6 12. Rd1 Qc7 13. O-O Re8 14. Rd2
Kd8 15. Rfd1 Kc8 16. Qh3 Rd8 17. Be6 h6 18. Kh1 Bb4 19. Bxa7 Bxc3 20. Qxc3 Nxe4
21. Bxd7+ Rxd7 22. Rxd7 Qxd7 23. Rxd7 Nxc3 24. Rxg7 Nxa2 25. Re7 Nb4 26. Rxe5
Nxc2 27. Bb6 Nb4 28. Re1 1/2-1/2

[Event "Klubbmesterskapet 2008"]
[Site "Hamar"]
[Date "2008.04.17"]
[Round "8"]
[White "Brobakken, Sindre"]
[Black "Storli, Frode"]
[Result "0-1"]
[WhiteElo "783"]
[BlackElo "1424"]
[PlyCount "46"]
[EventDate "2008.??.??"]

1. Nf3 Nf6 2. g3 e6 3. Bg2 d5 4. O-O c5 5. d3 Nc6 6. Nbd2 Bd6 7. Qe1 Nb4 8. Qd1
O-O 9. e4 dxe4 10. dxe4 Bc7 11. h4 Nc6 12. Nh2 Ne5 13. f4 Nc6 14. Nc4 Qxd1 15.
Rxd1 Nd4 16. Be3 Nxc2 17. Bxc5 Nxa1 18. Bxf8 Kxf8 19. Rxa1 b5 20. Nd2 Bb6+ 21.
Kf1 Bb7 22. e5 Nd5 23. Rd1 Ne3+ 0-1

[Event "Klubbmesterskapet 2008"]
[Site "Hamar"]
[Date "2008.04.17"]
[Round "8"]
[White "Pilø, Erlend"]
[Black "Kristiansen, Reidar"]
[Result "0-1"]
[WhiteElo "1045"]
[BlackElo "1202"]
[PlyCount "36"]
[EventDate "2008.??.??"]

1. Nf3 d5 2. d4 Nf6 3. c4 e6 4. Nc3 c5 5. cxd5 exd5 6. Bg5 Be6 7. e3 Nbd7 8.
Bd3 Be7 9. O-O a6 10. a4 O-O 11. e4 cxd4 12. Nxd4 Ne5 13. Bc2 Rc8 14. Rc1 Nfg4
15. Nxe6 fxe6 16. Bxe7 Qxe7 17. exd5 Qd6 18. dxe6 Nf3+ 0-1

[Event "Klubbmesterskapet 2008"]
[Site "Hamar"]
[Date "2008.04.17"]
[Round "8"]
[White "Holm, Kristian Stuvik"]
[Black "Saxrud, Ole Henrik"]
[Result "1-0"]
[WhiteElo "1315"]
[BlackElo "890"]
[PlyCount "63"]
[EventDate "2008.??.??"]

1. d4 e6 2. c4 c5 3. d5 d6 4. Nc3 g6 5. Nf3 Bg7 6. Qc2 Nf6 7. e4 e5 8. a3 a5 9.
Be2 O-O 10. O-O Bg4 11. Be3 b6 12. Ne1 Bh5 13. f3 g5 14. Bxg5 h6 15. Be3 Bg6
16. Qd2 Kh7 17. Nd3 Nbd7 18. Nb5 Ne8 19. g4 f6 20. Kg2 f5 21. exf5 Bxf5 22.
gxf5 Rxf5 23. Nf2 Qh4 24. Bd3 e4 25. Bxe4 Qh5 26. Qc2 Kg6 27. Nh3 Ne5 28. Nf4+
Kg5 29. Nxh5+ Kxh5 30. Bxf5 Nxc4 31. Bg4+ Kh4 32. Qf2# 1-0

[Event "Klubbmesterskapet 2008"]
[Site "Hamar"]
[Date "2008.05.22"]
[Round "9"]
[White "Nilsen, Thomas"]
[Black "Holm, Ragnar"]
[Result "0-1"]
[WhiteElo "1598"]
[BlackElo "2035"]
[PlyCount "56"]
[EventDate "2008.??.??"]

1. d4 Nf6 2. c4 e6 3. Nc3 Bb4 4. Nf3 b6 5. Bg5 Bb7 6. e3 h6 7. Bh4 Bxc3+ 8.
bxc3 d6 9. Nd2 Nbd7 10. f3 Qe7 11. Bd3 g5 12. Bg3 e5 13. Qe2 O-O-O 14. O-O h5
15. h3 Kb8 16. a4 g4 17. fxg4 e4 18. Bc2 hxg4 19. h4 Nh5 20. Qe1 Rdf8 21. Bf4
g3 22. Bg5 f6 23. Bf4 Rfg8 24. d5 f5 25. Bg5 Rxg5 26. hxg5 Qxg5 27. Bxe4 fxe4
28. Nxe4 Qh4 0-1

[Event "Klubbmesterskapet 2008"]
[Site "Hamar"]
[Date "2008.05.08"]
[Round "9"]
[White "Wasshaug, Espen"]
[Black "Solbakken, Jan Børge"]
[Result "0-1"]
[WhiteElo "1363"]
[BlackElo "1603"]
[PlyCount "48"]
[EventDate "2008.??.??"]

1. Nf3 d5 2. c4 c6 3. cxd5 cxd5 4. Nc3 Nf6 5. Qc2 Qc7 6. d3 e5 7. Nxe5 Qxe5 8.
Nb5 Bb4+ 9. Bd2 Bxd2+ 10. Kxd2 Nc6 11. g3 O-O 12. f4 Qe7 13. a3 Re8 14. e4 dxe4
15. Re1 a6 16. Bg2 axb5 17. Bxe4 Nxe4+ 18. Rxe4 Qd8 19. Rhe1 Rxe4 20. Rxe4 Bf5
21. Re3 Nd4 22. Qc3 Rc8 23. Qb4 Nc2 24. Qe7 Nxe3 0-1

[Event "Klubbmesterskapet 2008"]
[Site "Hamar"]
[Date "2008.05.08"]
[Round "9"]
[White "Storli, Frode"]
[Black "Hoel, Ole"]
[Result "1-0"]
[WhiteElo "1424"]
[BlackElo "1719"]
[PlyCount "75"]
[EventDate "2008.??.??"]

1. e4 c5 2. Nf3 d6 3. d4 cxd4 4. Nxd4 Nf6 5. Nc3 g6 6. Be3 Bg7 7. f3 a6 8. Qd2
Nc6 9. O-O-O O-O 10. g4 Bd7 11. Kb1 Rc8 12. h4 h5 13. g5 Ne8 14. Nd5 Ne5 15.
Be2 Nc4 16. Bxc4 Rxc4 17. Nb3 b5 18. Bb6 Qb8 19. Nxe7+ Kh7 20. Nd5 Be6 21. Ba5
Bxd5 22. Qxd5 Be5 23. f4 Bxf4 24. Rhf1 Be5 25. Rxf7+ Rxf7 26. Qxf7+ Ng7 27. Nd2
Rc8 28. Rf1 b4 29. Nc4 Qb5 30. b3 Rxc4 31. Qxc4 Qxa5 32. Rf8 d5 33. Qc8 Nf5 34.
exf5 Qb6 35. fxg6+ Qxg6 36. Qd7+ Bg7 37. Qf7 a5 38. Qg8# 1-0

[Event "Klubbmesterskapet 2008"]
[Site "Hamar"]
[Date "2008.05.08"]
[Round "9"]
[White "Brobakken, Geir"]
[Black "Ormåsen, Odd Steinar"]
[Result "1-0"]
[WhiteElo "1660"]
[BlackElo "1791"]
[PlyCount "75"]
[EventDate "2008.??.??"]

1. e4 c5 2. Nc3 Nc6 3. g3 d6 4. Bg2 Nf6 5. d3 g6 6. h3 Bg7 7. Be3 O-O 8. Nge2
e5 9. Qd2 Nd4 10. f4 Rb8 11. O-O b5 12. Nd1 Nh5 13. Kh2 Bh6 14. c3 Nxe2 15.
Qxe2 exf4 16. gxf4 Qh4 17. Qf2 Qxf2 18. Rxf2 f5 19. e5 dxe5 20. fxe5 Bxe3 21.
Nxe3 Be6 22. d4 cxd4 23. cxd4 f4 24. Nd5 Rf7 25. Nb4 f3 26. Rxf3 a5 27. Rxf7
axb4 28. Re7 Nf4 29. Rf1 Nxg2 30. Rxe6 Ne3 31. Rf3 Nf5 32. Rd3 Rc8 33. Rd2 Rc4
34. d5 Nd4 35. Rf6 b3 36. axb3 Nxb3 37. Rdf2 Nc5 38. e6 1-0

[Event "Klubbmesterskapet 2008"]
[Site "Hamar"]
[Date "2008.01.10"]
[Round "9"]
[White "Feragen, Erik"]
[Black "Kaveldiget, Frode"]
[Result "0-1"]
[WhiteElo "1485"]
[BlackElo "1509"]
[PlyCount "72"]
[EventDate "2008.??.??"]

1. e4 Nc6 2. Nf3 f5 3. Nc3 e5 4. d4 fxe4 5. Nxe5 Nf6 6. Bg5 Bb4 7. a3 Bxc3+ 8.
bxc3 d6 9. Nc4 O-O 10. Be2 Ne7 11. O-O Nfd5 12. Qd2 Qe8 13. Ne3 Nb6 14. a4 a5
15. d5 Ng6 16. Nc4 Nxc4 17. Bxc4 Ne5 18. Bb3 Qg6 19. Kh1 Qh5 20. Bf4 Nf3 21.
Qe3 Bg4 22. Bc4 Rf6 23. Be2 Nxh2 24. Bxg4 Nxg4+ 25. Qh3 Qxh3+ 26. gxh3 Rxf4 27.
hxg4 Rxg4 28. Rg1 Rh4+ 29. Kg2 Rf8 30. Rae1 Rg4+ 31. Kf1 Rxg1+ 32. Kxg1 Re8 33.
c4 b6 34. f3 e3 35. Kf1 e2+ 36. Kf2 Kf7 0-1

[Event "Klubbmesterskapet 2008"]
[Site "Hamar"]
[Date "2008.05.08"]
[Round "9"]
[White "Kristiansen, Ole J"]
[Black "Holm, Kristian Stuvik"]
[Result "1-0"]
[WhiteElo "1807"]
[BlackElo "1315"]
[PlyCount "125"]
[EventDate "2008.??.??"]

1. d4 Nf6 2. c4 c5 3. Nf3 cxd4 4. Nxd4 Nc6 5. Nc3 g6 6. e4 d6 7. Be2 Nxd4 8.
Qxd4 Bg7 9. Bg5 O-O 10. Qd2 Re8 11. O-O Qa5 12. Rad1 Be6 13. h3 Nd7 14. Nb5 Qd8
15. Nxd6 Rf8 16. Nb5 Rc8 17. b3 a6 18. Nd4 Bxd4 19. Qxd4 f6 20. Be3 Qc7 21. f4
Rfd8 22. Qb2 Bf7 23. Bg4 Be8 24. Rd2 h5 25. Be6+ Bf7 26. Bxf7+ Kxf7 27. Rfd1 e5
28. g3 b6 29. Qa3 Nc5 30. Bxc5 bxc5 31. Qxa6 Rxd2 32. Rxd2 Rd8 33. Rxd8 Qxd8
34. Qb7+ Kf8 35. Qd5 Qa5 36. Qd1 Ke7 37. fxe5 fxe5 38. Qe2 Qc3 39. Kg2 g5 40.
Kf2 h4 41. gxh4 Qxh3 42. hxg5 Qh4+ 43. Kf3 Qh3+ 44. Kf2 Qh4+ 45. Ke3 Qg3+ 46.
Kd2 Qxg5+ 47. Qe3 Qg2+ 48. Kc3 Kd8 49. a3 Qh1 50. b4 Qa1+ 51. Kb3 Qd1+ 52. Kb2
Qf1 53. Qc3 Qe2+ 54. Qc2 Qe3 55. bxc5 Kc8 56. c6 Qb6+ 57. Ka2 Qxc6 58. Qd3 Qf6
59. Qd5 Qf2+ 60. Kb3 Qe3+ 61. Ka4 Qa7+ 62. Kb5 Qe3 63. Qc5+ 1-0

[Event "Klubbmesterskapet 2008"]
[Site "Hamar"]
[Date "2008.05.15"]
[Round "9"]
[White "Kristiansen, Reidar"]
[Black "Bækken, Ole"]
[Result "0-1"]
[WhiteElo "1202"]
[BlackElo "1345"]
[PlyCount "76"]
[EventDate "2008.??.??"]

1. e4 e5 2. Nf3 Nc6 3. Bb5 d6 4. c3 Nf6 5. d3 a6 6. Bxc6+ bxc6 7. O-O Be7 8. h3
O-O 9. Qc2 c5 10. Be3 Bb7 11. Nbd2 c6 12. a4 Nd7 13. d4 cxd4 14. cxd4 exd4 15.
Nxd4 Qc7 16. Nf5 Bf6 17. Bf4 Be5 18. Bxe5 Nxe5 19. Qc3 f6 20. Qb3+ Kh8 21. f4
Nf7 22. Nc4 d5 23. exd5 cxd5 24. Nce3 Qd7 25. Rad1 Bc6 26. Rd4 Rab8 27. Qc2 g6
28. Ng3 Rfc8 29. Qd3 Rxb2 30. Nxd5 Qb7 31. Rc1 Rd8 32. Ne3 Re8 33. Qc3 Bxg2 34.
Rd2 Rxd2 35. Qxd2 Bxh3 36. Nc4 Qf3 37. Qf2 Qc6 38. Qd2 Qf3 0-1

[Event "Klubbmesterskapet 2008"]
[Site "Hamar"]
[Date "2008.05.08"]
[Round "9"]
[White "Sangen, Kjetil"]
[Black "Henriksen, Morgan"]
[Result "1-0"]
[WhiteElo "1441"]
[BlackElo "1366"]
[PlyCount "57"]
[EventDate "2008.??.??"]

1. d4 Nf6 2. c4 g6 3. Nc3 d5 4. cxd5 Nxd5 5. e4 Nxc3 6. bxc3 Bg7 7. Bc4 c5 8.
Be3 Nc6 9. Ne2 O-O 10. O-O cxd4 11. cxd4 Na5 12. Bd3 Bg4 13. f3 Be6 14. d5 Bxa1
15. Qxa1 f6 16. Bh6 Re8 17. Kh1 Bf7 18. Bb5 Rc8 19. Bxe8 Bxe8 20. Rc1 Nc4 21.
Qd4 b5 22. f4 a6 23. e5 Bf7 24. d6 fxe5 25. fxe5 Be6 26. Nf4 Qd7 27. Nd5 Bxd5
28. e6 Ne5 29. exd7 1-0